00436nam a22001577a 450000500170000001000150001702000260003203500140005803700130007208200110008510000230009624500490011926000400016827000500020830000200025820220906155326.0 aENG-134940 a9788189596136c325.00 aEN-118471 bDBAD/PUB a883.08 aNahata, Premkumari aClassics in Nut Shell/cBy Premkumari Nahata aNew DelhibS. Kumar & Companyc2009 a3613, N.S. Marg, DaryaganjbNew Delhie110002 a160p.c22cm(hb)